Stiff sedimentary clays : (Record no. 168801)

MARC details
000 -LEADER
fixed length control field 00943nam a2200265 a 4500
003 - CONTROL NUMBER IDENTIFIER
control field OSt
005 - DATE AND TIME OF LATEST TRANSACTION
control field 20250623153418.0
008 - FIXED-LENGTH DATA ELEMENTS--GENERAL INFORMATION
fixed length control field
020 ## - INTERNATIONAL STANDARD BOOK NUMBER
International Standard Book Number 9780727741080 (hardback)
040 ## - CATALOGING SOURCE
Original cataloging agency NUST
Transcribing agency NUST
Language of cataloging eng
Modifying agency NUST
Description conventions rda
050 ## - LIBRARY OF CONGRESS CALL NUMBER
Classification number TA710.4 STI
100 ## - MAIN ENTRY--PERSONAL NAME
Personal name Robert May.
Relator term Editor
245 10 - TITLE STATEMENT
Title Stiff sedimentary clays :
Remainder of title Genesis and Engineering behaviour geotechnique symposium in print 2007/
Statement of responsibility, etc. edited by Robert May.
260 ## - PUBLICATION, DISTRIBUTION, ETC.
Place of publication, distribution, etc. Great Britain :
Name of publisher, distributor, etc. Institution of Civil Engineers ,
Date of publication, distribution, etc. ©2011.
300 ## - PHYSICAL DESCRIPTION
Extent iii, 373 pages :
Other physical details illustrations ;
Dimensions 31 cm.
336 ## - CONTENT TYPE
Content type term text
Content type code txt
Source rdacontent
337 ## - MEDIA TYPE
Media type term unmediated
Media type code n
Source rdamedia
338 ## - CARRIER TYPE
Carrier type term volume
Carrier type code nc
Source rdacarrier
504 ## - BIBLIOGRAPHY, ETC. NOTE
Bibliography, etc. note Includes bibliographical references.
650 #1 - SUBJECT ADDED ENTRY--TOPICAL TERM
Topical term or geographic name entry element Soil mechanics.
650 ## - SUBJECT ADDED ENTRY--TOPICAL TERM
Topical term or geographic name entry element England
General subdivision London.
650 ## - SUBJECT ADDED ENTRY--TOPICAL TERM
Topical term or geographic name entry element Clay soils.
700 ## - ADDED ENTRY--PERSONAL NAME
Personal name May, Robert.,
Relator term editor.
942 ## - ADDED ENTRY ELEMENTS (KOHA)
Koha item type Ordinary Loan Books
Call number prefix TA710.4 STI
Call number suffix STI
Source of classification or shelving scheme Library of Congress Classification
Classification part TA
Item part STI
Suppress in OPAC No
Holdings
Withdrawn status Lost status Source of classification or shelving scheme Damaged status Not for loan Collection Home library Current library Shelving location Date acquired Source of acquisition Cost, normal purchase price Total Checkouts Full call number Barcode Date last seen Cost, replacement price Price effective from Koha item type Public note Accession number
    LCC     NFIC MAIN MAIN GEN 01/23/2023 Book Aid International 125.00   TA710.4.G72 STI 92004046942 01/23/2023 125.00 01/23/2023 BOOKS Donation  
    LCC     NFIC MAIN MAIN GEN 07/08/2025 Book Aid International 125.00   TA710.4 .G72 STI 92004051917 07/08/2025 125.00 07/08/2025 BOOKS Donation 63297